00656nam a2200169 i 450000100060000000300090000600500170001500700030003200800410003510000390007624501350011526000430025030000220029385200320031599900170034795201220036479606ES-MaACL20230906174020.0t|041022s1968 sp ||||1| spa d1 aHernández Vista, Eugenio.96307510aVirgilio b: figura y situaciones de La Eneida / cintroducción, texto, notas y estudio estilístico Eugenio Hernández Vista. aMadrid : bGregorio del Toro, c[1968] a388 p. ; c21 cm. aES-MaACLjC-35411 bR.67332 c79606d79606 00104070aATENEOMbATENEOMcDEPO2d2008-01-17eSCl0oC-35411p1083242r2023-02-23 00:00:00w2023-02-23yMONOGRAFIA